000 00296nam a2200145 a 4500
008 190521s1992|||| d
260 _c1992
_bLéčiva
_aPraha
300 _a4430s.
958 _aA
245 1 0 _aVademecum
250 _a1.vydanie
020 _c0
041 _acze
044 _aCZ
999 _c20682
_d20682